000 01688nam a22003135i 4500
001 54487
003 ES-MaACL
005 20251003163445.0
007 t|
008 960725s1885 fr ||||1| fre d
080 _a550.34(468.1)"1884"
245 0 0 _aRapports extrait des Comptes rendus des séances de l'Academie des Sciences.
_nt. C,
_pSéance du 20 avril 1885.
260 _aParis :
_b[s.n.],
_c1885 (
_fGauthier-Villars)
300 _a25 p. ;
_c27 cm.
505 8 _aContiene: Explorations de la Missión chargée de l'étude des tremblements de terre de l'Andalousie / par M. Fouqué . Sur la constitution géologique de la serrania de Ronda / par Michel Lévy et J. Bergeron . Sur les terrains secondaires et tertiaires de l'Andalousie (provinces de Grenade et de Malaga / par M. Bertrand et W. Kilian . Sur la constitution géologique de la sierra Nevada, des Alpujarras et de la sierra de Almijara / par Ch. Barrois et Alb. Offret
594 _aPrecede al tít: Institut de France, Académie des Sciences.
650 4 _aTerremotos-
_zAndalucía-
_yS.XIX.
_917487
650 4 _aGeología-
_zAndalucía.
_9173517
700 1 _aFouqué, Ferdinand.
_951949
700 1 _aMichel-Lévy, Auguste,
_d1844-1911
_9142191
700 1 _aBergeron, J.
_9142192
700 1 _aBertrand , Marcel Alexandre,
_d1847-1907
_9142193
700 1 _aKilian, W.
_968029
700 1 _aBarrois, Charles.
_926037
700 1 _aOffret, Albert.
_986561
710 2 _aAcadémie des sciences (Francia)
_91231
852 4 _aES-MaACL
_jT-1088-F-11
_z- Legado de Federico de Botella y de Hornos
_z- Anotación ms.: A Mr. F. Botella, hommage de la commission française
999 _c54487
_d54487